000 00952nam a2200241 a 4500
001 60192
003 BD-RjUL
005 20211209080819.0
008 161229s1954 pk 00010 eng d
035 _a(BD-RjUL)60316
035 _a897027
040 _aBD-RjUL
_beng
_cBD-RjUL
041 _aeng
082 _223
_a297.09
_bSTA 1954
100 1 _aStubbs, Henry,
_d1632-1676.
_9179205
245 1 3 _aAn account of the rise and progress of Mahometanism, with the life of Mahomet and a vindication of him and his religion from the calumnies of the Christians /
_cby Henry Stubbs ; from a manuscript copied by Charles Hornby in 1705 : "with some variations and additions" ; ed. with introd. and appendix by Hafiz Mahmud Khan Shairani.
260 _aLahore,
_c1954.
300 _a262 p. ; .
_c21 cm.
650 0 _aIslam.
_xHistory
_9170442
700 1 _aHornby, Charles.
_9179206
700 1 _aShairam, Hafiz Mohammad Khan.
_9179207
942 _2ddc
_cBK
999 _c60192
_d60192